Wordt geladen...
من اسهامات الحضارة الاسلامية
| Hoofdauteurs: | , |
|---|---|
| Formaat: | Printed Book |
| Gepubliceerd in: |
misr:
Nahdet misr;
2010.
|
| Onderwerpen: |
| LEADER | 00615nam a22001817a 4500 | ||
|---|---|---|---|
| 082 | |a 297 |b NAJ/M | ||
| 100 | |a زغلول النجار | ||
| 100 | |a Najar,Zaghlool | ||
| 245 | |a من اسهامات الحضارة الاسلامية |c Min Ishaamaathul Halarathul Islamiya | ||
| 260 | |a misr: |b Nahdet misr; |c 2010. | ||
| 300 | |a 319p. | ||
| 500 | |a includes index | ||
| 650 | |a Islam | ||
| 650 | |a Islamic studies | ||
| 650 | |a دراسات الاسلام | ||
| 942 | |c BK | ||
| 999 | |c 303279 |d 303279 | ||
| 952 | |0 0 |1 0 |4 0 |6 297_000000000000000_NAJ_M |7 0 |9 323818 |a ARA |b ARA |d 2020-10-13 |l 0 |o 297 NAJ/M |p ARA5702 |r 2020-10-13 |w 2020-10-13 |y BK | ||